| 000 | 01529cam a22004334a 4500 | ||
|---|---|---|---|
| 001 | muse92066 | ||
| 003 | MdBmJHUP | ||
| 005 | 20210127151821.0 | ||
| 006 | m o d | ||
| 007 | cr||||||||nn|n | ||
| 008 | 801007s1980 miu o 00 0 eng d | ||
| 010 | _z 80025372 | ||
| 020 | _a9780472901470 | ||
| 020 | _z0892640405 (pbk.) : | ||
| 020 | _z9780892640409 | ||
| 035 | _a(OCoLC)1184508200 | ||
| 040 |
_aMdBmJHUP _cMdBmJHUP |
||
| 043 | _aa-cc--- | ||
| 050 | 0 | 4 |
_aPL2384 _b.J6 |
| 082 | 0 |
_a895.1/24/09 _219 |
|
| 100 | 1 | _aJohnson, Dale R. | |
| 245 | 1 | 0 |
_aYuarn Music Dramas _bStudies in Prosody and Structure and a Complete Catalogue of Northern Arias in the Dramatic Style / _cby Dale R. Johnson. |
| 264 | 1 | _bCenter for Chinese Studies, University of Michigan, | |
| 264 | 3 | _bProject MUSE, | |
| 300 | _a1 online resource (xvi, 376 p.) | ||
| 500 | _aIncludes indexes. | ||
| 504 | _aBibliography: p. 369-376. | ||
| 506 | 0 |
_aOpen Access _fUnrestricted online access _2star |
|
| 588 | _aDescription based on print version record. | ||
| 650 | 0 |
_aChinese drama _yYüan dynasty, 1260-1368 _xHistory and criticism. |
|
| 655 | 7 |
_aElectronic books. _2local |
|
| 710 | 2 |
_aProject Muse. _edistributor |
|
| 830 | 0 | _aBook collections on Project MUSE. | |
| 856 | 4 | 0 |
_zFull text available: _uhttps://muse.jhu.edu/book/77812/ |
| 999 |
_c27139 _d27139 |
||